Statistics for Portuguese Cities with the biggest population

Click here to take the quiz!

General Stats

  • This quiz has been taken 66 times
    (56 since last reset)
  • The average score is 4 of 9

Answer Stats

Population-city% Correct
220,000-Porto
98%
510,000-Lisbon
90%
180,000-Braga
61%
380,000-Sintra
39%
300,000-Vila Nova de Gaia
39%
170,000-Almada
29%
200,000-Loures
20%
180,000-Matosinhos
20%
170,000-Gondomar
15%

Score Distribution

Percentile by Number Answered

Percent of People with Each Score

Your Score History

You have not taken this quiz since the last reset